Trace rings of generic 2 by 2 matrices

Saved in:
Bibliographic Details
Main Author: Le Bruyn, Lieven 1958-
Format: Book
Language:English
Published: Providence, R.I., USA : American Mathematical Society, 1987
Series:Memoirs of the American Mathematical Society ; ; 363
Subjects:
Tags: Add Tag
No Tags, Be the first to tag this record!

MARC

LEADER 00000cam a2200000 i 4500
001 1/50759
008 941103s1987 eng d
020 |a 0821824252 
035 |l 10043961 
035 |a 1994 
040 |a GR-MY-UA  |b gre  |e aacr 
041 0 |a eng 
082 0 |a 512.57 
100 1 |a Le Bruyn, Lieven  |d 1958- 
245 1 0 |a Trace rings of generic 2 by 2 matrices /  |c Lieven Le Bruyn 
246 3 3 |a Trace rings of generic two by two matrices 
260 |a Providence, R.I., USA :   |b American Mathematical Society,   |c 1987 
300 |a vi, 100 p.;  |c 26 cm 
490 1 |a Memoirs of the American Mathematical Society  |v ; 363 
500 |a "March 1987, volume 66, number 363 (first of 2 numbers)." 
504 |a Bibliography: p. 97-100 
650 0 0 |a Rings (Algebra) 
650 0 0 |a Clifford algebras. 
650 0 0 |a Forms (Mathematics) 
650 0 0 |a Matrices. 
830 0 |a Memoirs of the American Mathematical Society ;  |v ; 363 
852 |a INST  |b SAMOS  |e 19941103  |h 512.75 LEB  |p 005300009583  |q 005300009583  |t BK  |y 0 
909 |a Σ  |b 033678